ბათუმის შოთა რუსთაველის სახელმწიფო უნივერსიტეტის ბიბლიოთეკა

Basic immunology / (ბიბ.ჩანაწერი № 50408)

000 -LEADER
fixed length control field 01412cam a22004214a 4500
001 - CONTROL NUMBER
control field 14062194
003 - CONTROL NUMBER IDENTIFIER
control field GE_BSU
005 - DATE AND TIME OF LATEST TRANSACTION
control field 20200217152140.0
008 - FIXED-LENGTH DATA ELEMENTS--GENERAL INFORMATION
fixed length control field 050803s2006 paua b 001 0 eng
010 ## - LIBRARY OF CONGRESS CONTROL NUMBER
LC control number 2005051656
020 ## - INTERNATIONAL STANDARD BOOK NUMBER
International Standard Book Number 1416029745
035 ## - SYSTEM CONTROL NUMBER
System control number (DNLM)101254462
040 ## - CATALOGING SOURCE
Original cataloging agency DNLM/DLC
Transcribing agency DLC
Modifying agency DLC
041 ## - LANGUAGE CODE
Language code of text/sound track or separate title eng
042 ## - AUTHENTICATION CODE
Authentication code pcc
050 00 - LIBRARY OF CONGRESS CALL NUMBER
Classification number QR181
Item number .A28 2006
060 10 - NATIONAL LIBRARY OF MEDICINE CALL NUMBER
Classification number QW 504
Item number A122b 2006
080 ## - UNIVERSAL DECIMAL CLASSIFICATION NUMBER
Universal Decimal Classification number 616-097 A-12
082 00 - DEWEY DECIMAL CLASSIFICATION NUMBER
Classification number 616.07/9
Edition number 22
100 1# - MAIN ENTRY--PERSONAL NAME
Personal name Abbas, Abul K.
9 (RLIN) 7106
245 10 - TITLE STATEMENT
Title Basic immunology /
Remainder of title
Statement of responsibility, etc. Abul K. Abbas.
250 ## - EDITION STATEMENT
Edition statement 2nd ed., updated ed. 2006-2007.
260 ## - PUBLICATION, DISTRIBUTION, ETC.
Place of publication, distribution, etc. Philadelphia, PA :
Name of publisher, distributor, etc. Elsevier Saunders,
Date of publication, distribution, etc. c2006.
300 ## - PHYSICAL DESCRIPTION
Extent ix, 324 p. :
Other physical details col. ill. ;
Dimensions 24 cm.
504 ## - BIBLIOGRAPHY, ETC. NOTE
Bibliography, etc. note Includes bibliographical references (p. 225-229) and index.
650 #0 - SUBJECT ADDED ENTRY--TOPICAL TERM
Topical term or geographic name entry element Immunology.
9 (RLIN) 7107
650 #0 - SUBJECT ADDED ENTRY--TOPICAL TERM
Topical term or geographic name entry element Immunity.
9 (RLIN) 7108
650 12 - SUBJECT ADDED ENTRY--TOPICAL TERM
Topical term or geographic name entry element Immunity.
9 (RLIN) 7108
650 22 - SUBJECT ADDED ENTRY--TOPICAL TERM
Topical term or geographic name entry element Hypersensitivity.
9 (RLIN) 7109
650 22 - SUBJECT ADDED ENTRY--TOPICAL TERM
Topical term or geographic name entry element Immune System
General subdivision physiology.
9 (RLIN) 7110
650 22 - SUBJECT ADDED ENTRY--TOPICAL TERM
Topical term or geographic name entry element Immunologic Deficiency Syndromes.
9 (RLIN) 7111
653 ## - INDEX TERM--UNCONTROLLED
keyword იმუნოლოგია
700 1# - ADDED ENTRY--PERSONAL NAME
Personal name Lichtman, Andrew H.
9 (RLIN) 7112
856 41 - ELECTRONIC LOCATION AND ACCESS
Materials specified Table of contents
Uniform Resource Identifier http://www.loc.gov/catdir/toc/fy0604/2005051656.html
906 ## - LOCAL DATA ELEMENT F, LDF (RLIN)
a 7
b cbc
c orignew
d 1
e ocip
f 20
g y-gencatlg
942 ## - ADDED ENTRY ELEMENTS (KOHA)
Source of classification or shelving scheme
Koha item type წიგნი
ეგზემპლარები
Withdrawn status Lost status Source of classification or shelving scheme Damaged status Not for loan Permanent Location Current Location Shelving location Date acquired Cost, normal purchase price Full call number Barcode Date last seen Copy number Price effective from Koha item type Public note
          ბათუმის შოთა რუსთაველის სახელმწიფო უნივერსიტეტის მთავარი ბიბლიოთეკა ბათუმის შოთა რუსთაველის სახელმწიფო უნივერსიტეტის მთავარი ბიბლიოთეკა წიგნსაცავი 2018-12-17 190.00 616-097 A-12 684 2018-12-17 684 2018-12-17 წიგნი 190 ლ.